[Event "DVM U20 2023"]
[Site "Magdeburg GER"]
[Date "2023.12.29"]
[Round "5"]
[White "Feick, Claas Marten"]
[Black "Kvantaliani, Saba"]
[Result "0-1"]
[Termination "normal"]
[Board "4.6"]
[WhiteElo "1575"]
[BlackElo "1963"]
[WhiteClock "00:13:39"]
[BlackClock "00:23:53"]
[WhiteTeam "SF Neuberg"]
[BlackTeam "SK Münster 32"]
[PlyCount "76"]
[WhiteFideId "34634169"]
[BlackFideId "16284364"]
[EventCountry "GER"]
[EventRounds "7"]
[EventType "team-swiss"]
[EventDate "2023.12.26"]

1. d4 {[%clk 01:30:53]} {[%emt 00:00:05]} Nf6 {[%clk 01:30:50]} {[%emt
00:00:09]} 2. c4 {[%clk 01:31:15]} {[%emt 00:00:07]} e6 {[%clk 01:31:08]}
{[%emt 00:00:13]} 3. Nf3 {[%clk 01:30:47]} {[%emt 00:00:58]} d5 {[%clk
01:31:05]} {[%emt 00:00:32]} 4. Bg5 {[%clk 01:30:38]} {[%emt 00:00:39]} c6
{[%clk 01:30:37]} {[%emt 00:00:58]} 5. e3 {[%clk 01:30:32]} {[%emt 00:00:36]}
Be7 {[%clk 01:30:43]} {[%emt 00:00:24]} 6. Nc3 {[%clk 01:30:26]} {[%emt
00:00:35]} O-O {[%clk 01:30:49]} {[%emt 00:00:25]} 7. Bd3 {[%clk 01:30:23]}
{[%emt 00:00:33]} Nbd7 {[%clk 01:30:08]} {[%emt 00:01:11]} 8. O-O {[%clk
01:30:10]} {[%emt 00:00:42]} dxc4 {[%clk 01:28:51]} {[%emt 00:01:48]} 9. Bxc4
{[%clk 01:30:38]} {[%emt 00:00:02]} b5 {[%clk 01:28:59]} {[%emt 00:00:23]} 10.
Bd3 {[%clk 01:30:10]} {[%emt 00:00:59]} a6 {[%clk 01:29:15]} {[%emt 00:00:13]}
11. Ne4 {[%clk 01:28:08]} {[%emt 00:02:32]} h6 {[%clk 01:12:07]} {[%emt
00:17:40]} 12. Bh4 {[%clk 01:27:02]} {[%emt 00:01:34]} Nxe4 {[%clk 01:11:19]}
{[%emt 00:01:18]} 13. Bxe7 {[%clk 01:27:04]} {[%emt 00:00:27]} Nxf2 {[%clk
01:11:26]} {[%emt 00:00:24]} 14. Rxf2 {[%clk 01:20:37]} {[%emt 00:06:58]} Qxe7
{[%clk 01:11:46]} {[%emt 00:00:10]} 15. Be4 {[%clk 01:20:12]} {[%emt 00:00:55]}
Bb7 {[%clk 01:11:26]} {[%emt 00:00:49]} 16. Rc1 {[%clk 01:19:17]} {[%emt
00:01:25]} Rac8 {[%clk 01:10:52]} {[%emt 00:01:04]} 17. Rfc2 {[%clk 01:19:34]}
{[%emt 00:00:12]} Qd6 {[%clk 01:11:12]} {[%emt 00:00:11]} 18. Rd2 {[%clk
01:11:39]} {[%emt 00:08:25]} Rc7 {[%clk 01:05:57]} {[%emt 00:05:46]} 19. a3
{[%clk 01:06:16]} {[%emt 00:05:52]} Rfc8 {[%clk 01:05:00]} {[%emt 00:01:27]}
20. Ne5 {[%clk 00:58:04]} {[%emt 00:08:42]} Nf6 {[%clk 00:59:20]} {[%emt
00:06:09]} 21. Bf3 {[%clk 00:53:26]} {[%emt 00:05:09]} c5 {[%clk 00:48:51]}
{[%emt 00:10:59]} 22. Ng4 {[%clk 00:46:58]} {[%emt 00:06:58]} Nxg4 {[%clk
00:43:42]} {[%emt 00:05:40]} 23. Bxg4 {[%clk 00:47:24]} {[%emt 00:00:04]} cxd4
{[%clk 00:44:02]} {[%emt 00:00:10]} 24. Rxc7 {[%clk 00:45:58]} {[%emt
00:01:55]} Qxc7 {[%clk 00:36:43]} {[%emt 00:07:50]} 25. Rxd4 {[%clk 00:43:38]}
{[%emt 00:02:50]} Qc2 {[%clk 00:36:54]} {[%emt 00:00:19]} 26. Rd2 {[%clk
00:37:19]} {[%emt 00:06:50]} Qe4 {[%clk 00:36:31]} {[%emt 00:00:51]} 27. Qf3
{[%clk 00:28:35]} {[%emt 00:09:14]} Qb1+ {[%clk 00:33:52]} {[%emt 00:03:09]}
28. Qf1 {[%clk 00:29:04]} {[%emt 00:00:03]} Rc1 {[%clk 00:34:13]} {[%emt
00:00:08]} 29. Bd1 {[%clk 00:28:32]} {[%emt 00:01:02]} Bd5 {[%clk 00:33:47]}
{[%emt 00:00:56]} 30. Qd3 {[%clk 00:24:26]} {[%emt 00:04:36]} Qxd3 {[%clk
00:28:19]} {[%emt 00:05:59]} 31. Rxd3 {[%clk 00:24:55]} {[%emt 00:00:01]} Rb1
{[%clk 00:28:41]} {[%emt 00:00:07]} 32. b4 {[%clk 00:23:21]} {[%emt 00:02:03]}
Kf8 {[%clk 00:28:44]} {[%emt 00:00:28]} 33. Kf2 {[%clk 00:18:36]} {[%emt
00:05:15]} Rb2+ {[%clk 00:29:00]} {[%emt 00:00:14]} 34. Kg3 {[%clk 00:19:01]}
{[%emt 00:00:06]} Rxg2+ {[%clk 00:28:59]} {[%emt 00:00:31]} 35. Kh3 {[%clk
00:19:30]} Rg1 {[%clk 00:26:15]} {[%emt 00:03:13]} 36. Rd2 {[%clk 00:17:22]}
{[%emt 00:02:37]} g5 {[%clk 00:24:38]} {[%emt 00:02:07]} 37. Bc2 {[%clk
00:16:41]} {[%emt 00:01:12]} Bf3 {[%clk 00:24:13]} {[%emt 00:00:54]} 38. Rd4
{[%clk 00:13:39]} {[%emt 00:03:32]} h5 {[%clk 00:23:53]} {[%emt 00:00:51]} 0-1

[Event "DVM U20 2023"]
[Site "Magdeburg GER"]
[Date "2023.12.29"]
[Round "5"]
[White "Kanzow, Alexander"]
[Black "Helmsdorf, Marius"]
[Result "1-0"]
[Termination "normal"]
[Board "5.1"]
[WhiteElo "1839"]
[BlackElo "1891"]
[WhiteClock "00:18:21"]
[BlackClock "00:12:33"]
[WhiteTeam "KSV Rochade Göttingen (Veltheim)"]
[BlackTeam "ESV Gera"]
[PlyCount "116"]
[WhiteFideId "16225414"]
[BlackFideId "16274873"]
[EventCountry "GER"]
[EventRounds "7"]
[EventType "team-swiss"]
[EventDate "2023.12.26"]

1. Nf3 {[%clk 01:30:57]} {[%emt 00:00:02]} d5 {[%clk 01:30:54]} {[%emt
00:00:07]} 2. c4 {[%clk 01:31:14]} {[%emt 00:00:13]} d4 {[%clk 01:31:06]}
{[%emt 00:00:18]} 3. b4 {[%clk 01:31:33]} {[%emt 00:00:11]} g5 {[%clk
01:31:29]} {[%emt 00:00:09]} 4. g3 {[%clk 01:31:55]} {[%emt 00:00:07]} g4
{[%clk 01:31:07]} {[%emt 00:00:52]} 5. Nh4 {[%clk 01:32:17]} {[%emt 00:00:08]}
e5 {[%clk 01:31:07]} {[%emt 00:00:31]} 6. Bg2 {[%clk 01:32:20]} {[%emt
00:00:26]} Be7 {[%clk 01:30:34]} {[%emt 00:01:02]} 7. Qa4+ {[%clk 01:30:03]}
{[%emt 00:02:47]} c6 {[%clk 01:30:11]} {[%emt 00:00:54]} 8. d3 {[%clk
01:29:51]} {[%emt 00:00:42]} Bxh4 {[%clk 01:28:57]} {[%emt 00:01:44]} 9. gxh4
{[%clk 01:30:12]} {[%emt 00:00:08]} Ne7 {[%clk 01:21:57]} {[%emt 00:07:32]} 10.
Nd2 {[%clk 01:15:05]} {[%emt 00:15:36]} Nf5 {[%clk 01:21:14]} {[%emt 00:01:13]}
11. Rg1 {[%clk 01:13:30]} {[%emt 00:02:05]} Qxh4 {[%clk 01:11:13]} {[%emt
00:10:31]} 12. Ne4 {[%clk 01:12:46]} {[%emt 00:01:13]} Ne3 {[%clk 01:02:26]}
{[%emt 00:09:17]} 13. Bxe3 {[%clk 01:04:59]} {[%emt 00:08:17]} dxe3 {[%clk
01:02:50]} {[%emt 00:00:07]} 14. O-O-O {[%clk 01:04:17]} {[%emt 00:01:13]} exf2
{[%clk 00:49:53]} {[%emt 00:13:27]} 15. Rgf1 {[%clk 01:02:57]} {[%emt
00:01:49]} f5 {[%clk 00:49:08]} {[%emt 00:01:16]} 16. Nd6+ {[%clk 00:57:03]}
{[%emt 00:06:24]} Ke7 {[%clk 00:49:00]} {[%emt 00:00:38]} 17. c5 {[%clk
00:56:14]} {[%emt 00:01:19]} Qxh2 {[%clk 00:34:56]} {[%emt 00:14:34]} 18. Rxf2
{[%clk 00:56:19]} {[%emt 00:00:24]} g3 {[%clk 00:35:10]} {[%emt 00:00:18]} 19.
Nxf5+ {[%clk 00:55:43]} {[%emt 00:01:04]} Bxf5 {[%clk 00:35:33]} {[%emt
00:00:08]} 20. Rxf5 {[%clk 00:56:04]} {[%emt 00:00:08]} Qxg2 {[%clk 00:35:05]}
{[%emt 00:00:58]} 21. Rxe5+ {[%clk 00:56:23]} {[%emt 00:00:11]} Kd8 {[%clk
00:34:47]} {[%emt 00:00:48]} 22. Qa5+ {[%clk 00:48:49]} {[%emt 00:08:04]} Kc8
{[%clk 00:34:25]} {[%emt 00:00:53]} 23. b5 {[%clk 00:31:24]} {[%emt 00:17:54]}
cxb5 {[%clk 00:28:00]} {[%emt 00:06:56]} 24. Rg5 {[%clk 00:31:04]} {[%emt
00:00:49]} Qf2 {[%clk 00:22:46]} {[%emt 00:05:45]} 25. Rg7 {[%clk 00:27:29]}
{[%emt 00:04:04]} Qe3+ {[%clk 00:18:46]} {[%emt 00:04:30]} 26. Kb1 {[%clk
00:27:48]} {[%emt 00:00:12]} Qe5 {[%clk 00:18:56]} {[%emt 00:00:20]} 27. Rf7
{[%clk 00:27:43]} {[%emt 00:00:33]} g2 {[%clk 00:14:42]} {[%emt 00:04:45]} 28.
Qxb5 {[%clk 00:26:57]} {[%emt 00:01:17]} Qd5 {[%clk 00:14:35]} {[%emt
00:00:37]} 29. Rg7 {[%clk 00:25:29]} {[%emt 00:01:56]} a5 {[%clk 00:08:50]}
{[%emt 00:06:15]} 30. e4 {[%clk 00:21:11]} {[%emt 00:04:48]} Qc6 {[%clk
00:09:18]} {[%emt 00:00:01]} 31. Qc4 {[%clk 00:21:25]} {[%emt 00:00:17]} Nd7
{[%clk 00:07:14]} {[%emt 00:02:34]} 32. Rxg2 {[%clk 00:16:58]} {[%emt
00:04:58]} Kc7 {[%clk 00:07:28]} {[%emt 00:00:16]} 33. Rg5 {[%clk 00:15:25]}
{[%emt 00:02:02]} Rae8 {[%clk 00:05:59]} {[%emt 00:02:00]} 34. Rd5 {[%clk
00:11:52]} {[%emt 00:04:03]} Qf6 {[%clk 00:02:15]} {[%emt 00:04:14]} 35. Qb5
{[%clk 00:11:10]} {[%emt 00:01:12]} Re7 {[%clk 00:01:16]} {[%emt 00:01:28]} 36.
Qxa5+ {[%clk 00:10:29]} {[%emt 00:01:11]} Kb8 {[%clk 00:01:31]} {[%emt
00:00:15]} 37. Rd6 {[%clk 00:09:20]} {[%emt 00:01:39]} Qf3 {[%clk 00:01:48]}
{[%emt 00:00:14]} 38. Rc1 {[%clk 00:08:59]} {[%emt 00:00:50]} Ne5 {[%clk
00:01:48]} {[%emt 00:00:30]} 39. Rd8+ {[%clk 00:08:57]} {[%emt 00:00:32]} Rxd8
{[%clk 00:02:13]} {[%emt 00:00:05]} 40. Qxd8+ {[%clk 00:09:18]} {[%emt
00:00:08]} Ka7 {[%clk 00:02:41]} {[%emt 00:00:03]} 41. Qa5+ {[%clk 00:02:55]}
{[%emt 00:06:53]} Kb8 {[%clk 00:03:03]} {[%emt 00:00:09]} 42. Qd8+ {[%clk
00:03:19]} {[%emt 00:00:05]} Ka7 {[%clk 00:03:30]} {[%emt 00:00:04]} 43. c6
{[%clk 00:21:48]} {[%emt 00:12:00]} Nxc6 {[%clk 00:28:59]} {[%emt 00:05:02]}
44. Rxc6 {[%clk 00:21:47]} {[%emt 00:00:30]} bxc6 {[%clk 00:29:27]} {[%emt
00:00:03]} 45. Qxe7+ {[%clk 00:22:07]} {[%emt 00:00:10]} Ka6 {[%clk 00:27:07]}
{[%emt 00:02:49]} 46. Qd6 {[%clk 00:20:11]} {[%emt 00:02:25]} Qd1+ {[%clk
00:24:55]} {[%emt 00:02:43]} 47. Kb2 {[%clk 00:20:39]} {[%emt 00:00:02]} Qd2+
{[%clk 00:24:57]} {[%emt 00:00:29]} 48. Kb3 {[%clk 00:21:06]} {[%emt 00:00:01]}
Qd1+ {[%clk 00:25:08]} {[%emt 00:00:20]} 49. Kc4 {[%clk 00:19:59]} {[%emt
00:01:36]} Qc1+ {[%clk 00:20:51]} {[%emt 00:04:47]} 50. Kd4 {[%clk 00:20:06]}
{[%emt 00:00:21]} Qa1+ {[%clk 00:20:22]} {[%emt 00:01:02]} 51. Ke3 {[%clk
00:19:28]} {[%emt 00:01:05]} Qg1+ {[%clk 00:19:01]} {[%emt 00:01:53]} 52. Kf3
{[%clk 00:19:24]} {[%emt 00:00:34]} Qf1+ {[%clk 00:17:29]} {[%emt 00:02:02]}
53. Kg4 {[%clk 00:19:36]} {[%emt 00:00:17]} Kb7 {[%clk 00:15:39]} {[%emt
00:02:22]} 54. e5 {[%clk 00:18:30]} {[%emt 00:01:35]} Qg2+ {[%clk 00:13:49]}
{[%emt 00:02:19]} 55. Kf5 {[%clk 00:18:15]} {[%emt 00:00:44]} Qf2+ {[%clk
00:14:08]} {[%emt 00:00:13]} 56. Kg5 {[%clk 00:18:23]} {[%emt 00:00:20]} Qg3+
{[%clk 00:13:08]} {[%emt 00:01:32]} 57. Kh6 {[%clk 00:18:04]} {[%emt 00:00:48]}
Qh4+ {[%clk 00:12:57]} {[%emt 00:00:43]} 58. Kg7 {[%clk 00:18:21]} {[%emt
00:00:11]} Qg4 {[%clk 00:12:33]} {[%emt 00:00:55]} *

[Event "DVM U20 2023"]
[Site "Magdeburg GER"]
[Date "2023.12.29"]
[Round "5"]
[White "Liebold, Aaron"]
[Black "Mimkes, Antal"]
[Result "1/2-1/2"]
[Termination "normal"]
[Board "5.2"]
[WhiteElo "2037"]
[BlackElo "1823"]
[WhiteClock "00:01:26"]
[BlackClock "00:04:10"]
[WhiteTeam "ESV Gera"]
[BlackTeam "KSV Rochade Göttingen (Veltheim)"]
[PlyCount "71"]
[WhiteFideId "12997846"]
[BlackFideId "16265963"]
[EventCountry "GER"]
[EventRounds "7"]
[EventType "team-swiss"]
[EventDate "2023.12.26"]

1. e4 {[%clk 01:30:58]} {[%emt 00:00:02]} c5 {[%clk 01:30:42]} {[%emt
00:00:18]} 2. Nf3 {[%clk 01:31:00]} {[%emt 00:00:28]} Nc6 {[%clk 01:30:48]}
{[%emt 00:00:24]} 3. d4 {[%clk 01:31:13]} {[%emt 00:00:17]} cxd4 {[%clk
01:30:50]} {[%emt 00:00:29]} 4. Nxd4 {[%clk 01:31:39]} {[%emt 00:00:03]} Nf6
{[%clk 01:30:48]} {[%emt 00:00:32]} 5. Nc3 {[%clk 01:32:02]} {[%emt 00:00:07]}
e6 {[%clk 01:30:58]} {[%emt 00:00:20]} 6. Nxc6 {[%clk 01:29:53]} {[%emt
00:02:40]} bxc6 {[%clk 01:31:20]} {[%emt 00:00:08]} 7. e5 {[%clk 01:30:20]}
{[%emt 00:00:02]} Nd5 {[%clk 01:31:40]} {[%emt 00:00:09]} 8. Nxd5 {[%clk
01:19:11]} {[%emt 00:11:38]} cxd5 {[%clk 01:31:32]} {[%emt 00:00:39]} 9. Bd3
{[%clk 01:19:35]} {[%emt 00:00:06]} d6 {[%clk 01:29:18]} {[%emt 00:02:44]} 10.
Bf4 {[%clk 01:16:37]} {[%emt 00:03:28]} Rb8 {[%clk 01:19:19]} {[%emt 00:10:28]}
11. Qc1 {[%clk 01:05:14]} {[%emt 00:11:53]} Qc7 {[%clk 01:10:29]} {[%emt
00:09:21]} 12. exd6 {[%clk 01:03:43]} {[%emt 00:02:00]} Bxd6 {[%clk 01:10:48]}
{[%emt 00:00:12]} 13. Bxd6 {[%clk 01:03:35]} {[%emt 00:00:37]} Qxd6 {[%clk
01:10:45]} {[%emt 00:00:34]} 14. O-O {[%clk 01:01:26]} {[%emt 00:02:38]} O-O
{[%emt 00:02:21]} 15. c4 {[%clk 00:40:14]} {[%emt 00:21:41]} dxc4 {[%clk
00:57:03]} {[%emt 00:12:24]} 16. Bxc4 {[%clk 00:40:05]} {[%emt 00:00:37]} Bb7
{[%clk 00:56:13]} {[%emt 00:01:21]} 17. b3 {[%clk 00:39:00]} {[%emt 00:01:35]}
Qe5 {[%clk 00:47:00]} {[%emt 00:09:42]} 18. Re1 {[%clk 00:35:14]} {[%emt
00:04:15]} Qf6 {[%clk 00:45:42]} {[%emt 00:01:49]} 19. Qe3 {[%clk 00:30:23]}
{[%emt 00:05:21]} a6 {[%clk 00:40:32]} {[%emt 00:05:40]} 20. Rad1 {[%clk
00:28:45]} {[%emt 00:02:08]} h6 {[%clk 00:31:44]} {[%emt 00:09:19]} 21. Qe5
{[%clk 00:20:44]} {[%emt 00:08:30]} Qxe5 {[%clk 00:24:26]} {[%emt 00:07:49]}
22. Rxe5 {[%clk 00:21:12]} {[%emt 00:00:01]} Rfd8 {[%clk 00:24:33]} {[%emt
00:00:23]} 23. Ree1 {[%clk 00:21:07]} {[%emt 00:00:35]} a5 {[%clk 00:24:00]}
{[%emt 00:01:03]} 24. f3 {[%clk 00:20:44]} {[%emt 00:00:53]} Kf8 {[%clk
00:21:35]} {[%emt 00:02:55]} 25. Kf2 {[%clk 00:19:56]} {[%emt 00:01:18]} Ke7
{[%clk 00:20:33]} {[%emt 00:01:32]} 26. Ke3 {[%clk 00:18:47]} {[%emt 00:01:38]}
g5 {[%clk 00:19:28]} {[%emt 00:01:36]} 27. Rd4 {[%clk 00:12:29]} {[%emt
00:06:48]} Rxd4 28. Kxd4 {[%clk 00:12:58]} g4 {[%clk 00:13:18]} {[%emt
00:00:27]} 29. fxg4 {[%clk 00:10:00]} {[%emt 00:03:28]} Bxg2 {[%clk 00:13:08]}
{[%emt 00:00:41]} 30. Re5 {[%clk 00:09:04]} {[%emt 00:01:26]} a4 {[%clk
00:12:57]} {[%emt 00:00:40]} 31. Rh5 {[%clk 00:08:49]} {[%emt 00:00:44]} axb3
{[%clk 00:12:35]} {[%emt 00:00:53]} 32. axb3 {[%clk 00:09:18]} {[%emt
00:00:01]} Rg8 {[%clk 00:10:41]} {[%emt 00:02:24]} 33. Be2 {[%clk 00:07:30]}
{[%emt 00:02:18]} Rd8+ {[%clk 00:07:25]} {[%emt 00:03:47]} 34. Ke3 {[%clk
00:06:28]} {[%emt 00:01:31]} Rb8 {[%clk 00:06:23]} {[%emt 00:01:31]} 35. Bc4
{[%clk 00:06:24]} {[%emt 00:00:35]} Rg8 {[%clk 00:04:10]} {[%emt 00:02:43]} 36.
Be2 {[%clk 00:01:26]} {[%emt 00:05:27]} 1/2-1/2

[Event "DVM U20 2023"]
[Site "Magdeburg GER"]
[Date "2023.12.29"]
[Round "5"]
[White "Mimkes, Pavel"]
[Black "Frank, Marek"]
[Result "1/2-1/2"]
[Termination "normal"]
[Board "5.3"]
[WhiteElo "1760"]
[BlackElo "1596"]
[WhiteTeam "KSV Rochade Göttingen (Veltheim)"]
[BlackTeam "ESV Gera"]
[PlyCount "45"]
[WhiteFideId "12990833"]
[BlackFideId "16239520"]
[EventCountry "GER"]
[EventRounds "7"]
[EventType "team-swiss"]
[EventDate "2023.12.26"]

1. e4 {[%emt 00:41:00]} c5 {[%emt 00:00:08]} 2. d4 {[%emt 00:00:44]} cxd4
{[%emt 00:00:44]} 3. c3 {[%emt 00:02:24]} dxc3 {[%emt 00:00:28]} 4. Nxc3 {[%emt
00:00:10]} Nc6 {[%emt 00:00:25]} 5. Bc4 {[%emt 00:01:23]} e6 {[%emt 00:00:19]}
6. Nf3 {[%emt 00:01:46]} Bb4 {[%emt 00:02:09]} 7. O-O {[%emt 00:01:24]} Nge7
{[%emt 00:01:37]} 8. Nb5 {[%emt 00:08:43]} O-O {[%emt 00:14:45]} 9. Nd6 {[%emt
00:11:24]} Ng6 {[%emt 00:04:59]} 10. Be3 {[%emt 00:09:37]} Qe7 {[%emt
00:06:25]} 11. Nb5 {[%emt 00:06:09]} a6 {[%emt 00:05:53]} 12. Nbd4 {[%emt
00:11:03]} b5 {[%emt 00:03:22]} 13. Bd3 {[%emt 00:02:25]} Bb7 {[%emt 00:04:19]}
14. Rc1 {[%emt 00:01:59]} Rac8 {[%emt 00:04:49]} 15. Qe2 {[%emt 00:01:54]} Nxd4
16. Nxd4 Ne5 {[%emt 00:00:01]} 17. f4 {[%emt 00:00:35]} Nxd3 {[%emt 00:01:58]}
18. Qxd3 {[%emt 00:00:05]} Rxc1 {[%emt 00:05:33]} 19. Rxc1 {[%emt 00:00:17]}
Rc8 {[%emt 00:03:14]} 20. Rxc8+ {[%emt 00:02:02]} Bxc8 {[%emt 00:00:08]} 21. a3
{[%emt 00:00:04]} Ba5 {[%emt 00:02:33]} 22. Nb3 {[%emt 00:02:31]} Qd8 {[%emt
00:05:28]} 23. Nxa5 {[%emt 00:08:07]} 1/2-1/2

[Event "DVM U20 2023"]
[Site "Magdeburg GER"]
[Date "2023.12.29"]
[Round "5"]
[White "Barz, Henrik"]
[Black "Nizamova, Rita"]
[Result "1/2-1/2"]
[Termination "normal"]
[Board "5.4"]
[WhiteElo "1539"]
[BlackElo "1794"]
[WhiteClock "01:01:18"]
[BlackClock "00:28:14"]
[WhiteTeam "ESV Gera"]
[BlackTeam "KSV Rochade Göttingen (Veltheim)"]
[PlyCount "51"]
[WhiteFideId "34628320"]
[BlackFideId "16221940"]
[EventCountry "GER"]
[EventRounds "7"]
[EventType "team-swiss"]
[EventDate "2023.12.26"]

1. e4 {[%clk 01:30:58]} {[%emt 00:00:03]} c6 {[%clk 01:30:56]} {[%emt
00:00:03]} 2. d4 {[%clk 01:30:51]} {[%emt 00:00:37]} d5 {[%clk 01:31:02]}
{[%emt 00:00:24]} 3. e5 {[%clk 01:31:17]} {[%emt 00:00:05]} Bf5 {[%clk
01:31:29]} {[%emt 00:00:02]} 4. Nf3 {[%clk 01:31:43]} {[%emt 00:00:04]} e6
{[%clk 01:31:53]} {[%emt 00:00:07]} 5. Be2 {[%clk 01:32:08]} {[%emt 00:00:04]}
c5 {[%clk 01:32:16]} {[%emt 00:00:07]} 6. O-O {[%clk 01:32:33]} {[%emt
00:00:05]} Nc6 {[%clk 01:32:42]} {[%emt 00:00:04]} 7. c3 {[%clk 01:32:28]}
{[%emt 00:00:35]} Bg6 {[%clk 01:32:21]} {[%emt 00:00:51]} 8. Be3 {[%clk
01:32:17]} {[%emt 00:00:40]} Qb6 {[%clk 01:32:39]} {[%emt 00:00:13]} 9. Nbd2
{[%clk 01:32:33]} {[%emt 00:00:15]} Nge7 {[%clk 01:23:14]} {[%emt 00:09:54]}
10. dxc5 {[%clk 01:23:25]} {[%emt 00:09:38]} Qxb2 {[%clk 01:16:17]} {[%emt
00:07:27]} 11. Qc1 {[%clk 01:22:34]} {[%emt 00:01:20]} Qxc1 {[%clk 01:16:41]}
{[%emt 00:00:07]} 12. Raxc1 {[%clk 01:22:31]} {[%emt 00:00:33]} Nf5 {[%clk
01:16:04]} {[%emt 00:01:06]} 13. Bd4 {[%clk 01:22:50]} {[%emt 00:00:11]} h5
{[%clk 01:13:03]} {[%emt 00:03:32]} 14. h4 {[%clk 01:21:47]} {[%emt 00:01:32]}
Be7 {[%clk 01:12:56]} {[%emt 00:00:38]} 15. g3 {[%clk 01:22:06]} {[%emt
00:00:11]} O-O {[%clk 01:12:31]} {[%emt 00:00:55]} 16. Nb3 {[%clk 01:22:07]}
{[%emt 00:00:30]} Rfc8 {[%clk 01:10:03]} {[%emt 00:02:58]} 17. Rfd1 {[%clk
01:20:51]} {[%emt 00:01:46]} Nb8 {[%clk 01:06:26]} {[%emt 00:04:07]} 18. Bb5
{[%clk 01:16:02]} {[%emt 00:05:19]} a6 {[%clk 01:05:36]} {[%emt 00:01:20]} 19.
Ba4 {[%clk 01:16:01]} {[%emt 00:00:30]} a5 {[%clk 01:05:32]} {[%emt 00:00:35]}
20. c4 {[%clk 01:13:53]} {[%emt 00:02:37]} Nxd4 {[%clk 00:59:45]} {[%emt
00:06:17]} 21. Nfxd4 {[%clk 01:14:05]} {[%emt 00:00:18]} dxc4 {[%clk 00:55:45]}
{[%emt 00:04:30]} 22. Rxc4 {[%clk 01:14:21]} {[%emt 00:00:15]} Rd8 {[%clk
00:44:27]} {[%emt 00:11:48]} 23. Rdc1 {[%clk 01:12:37]} {[%emt 00:02:12]} Bd3
{[%clk 00:35:58]} {[%emt 00:09:00]} 24. R4c3 {[%clk 01:12:31]} {[%emt
00:00:36]} Be4 {[%clk 00:36:07]} {[%emt 00:00:22]} 25. f4 {[%clk 01:03:49]}
{[%emt 00:09:11]} Bd5 {[%clk 00:28:14]} {[%emt 00:08:24]} 26. c6 {[%clk
01:01:18]} {[%emt 00:03:00]} 1/2-1/2